000
00309nam a22001337a 4500
008
170426b xxu||||| |||| 00| 0 eng d
020
_a
9780030334733
041
_a
eng
080
_a
547
100
_a
12
101
_a
SHM
245
_a
HARCOURT INTERACTIVE ORGANIC CHEMISTRY
_c
VINING, W.J
942
_2
udc
_c
BK
999
_c
12107
_d
12107